The building site / (Record no. 105)

MARC details
000 -LEADER
fixed length control field 00971nam a22003137a 4500
001 - CONTROL NUMBER
control field 105
003 - CONTROL NUMBER IDENTIFIER
control field FISKH
005 - DATE AND TIME OF LATEST TRANSACTION
control field 20250404112552.0
008 - FIXED-LENGTH DATA ELEMENTS--GENERAL INFORMATION
fixed length control field 230224b cb ||||| |||| 00| 0 eng d
010 ## - LIBRARY OF CONGRESS CONTROL NUMBER
LC control number 83082959
040 ## - CATALOGING SOURCE
Original cataloging agency DLC
Transcribing agency DLC
Modifying agency DLC
-- FISKH
Language of cataloging eng
050 00 - LIBRARY OF CONGRESS CALL NUMBER
Classification number TH375
Item number .D87 1984
082 00 - DEWEY DECIMAL CLASSIFICATION NUMBER
Classification number 690
Edition number 19
100 1# - MAIN ENTRY--PERSONAL NAME
Personal name Dupasquier, Philippe.
245 14 - TITLE STATEMENT
Title The building site /
Statement of responsibility, etc. by Philippe Dupasquier.
260 ## - PUBLICATION, DISTRIBUTION, ETC.
Place of publication, distribution, etc. London :
Name of publisher, distributor, etc. Walker Books,
Date of publication, distribution, etc. 1984
300 ## - PHYSICAL DESCRIPTION
Extent 11 leaves of plates :
Other physical details color illustrations ;
Dimensions 20 cm.
490 1# - SERIES STATEMENT
Series statement Busy places
505 ## - FORMATTED CONTENTS NOTE
Formatted contents note F
520 ## - SUMMARY, ETC.
Summary, etc. In a day at the construction site of a skyscraper, the various machines and workers do their jobs.
521 8# - TARGET AUDIENCE NOTE
Target audience note 400 <br/><br/>
Source Lexile<br/>
521 8# - TARGET AUDIENCE NOTE
Target audience note F <br/>
Source Raz-Plus<br/>
650 #0 - SUBJECT ADDED ENTRY--TOPICAL TERM
Topical term or geographic name entry element Building sites
General subdivision Juvenile literature.
650 #1 - SUBJECT ADDED ENTRY--TOPICAL TERM
Topical term or geographic name entry element Construction equipment.
650 #1 - SUBJECT ADDED ENTRY--TOPICAL TERM
Topical term or geographic name entry element Machinery.
650 #1 - SUBJECT ADDED ENTRY--TOPICAL TERM
Topical term or geographic name entry element Building.
906 ## - LOCAL DATA ELEMENT F, LDF (RLIN)
a 7
b cbc
c orignew
d 3
e opcn
f 19
g y-gencatlg
942 ## - ADDED ENTRY ELEMENTS (KOHA)
Source of classification or shelving scheme Dewey Decimal Classification
Koha item type Books
Suppress in OPAC No
Holdings
Withdrawn status Lost status Source of classification or shelving scheme Damaged status Not for loan Collection Home library Current library Shelving location Date acquired Total Checkouts Full call number Barcode Date last seen Date last checked out Price effective from Koha item type
    Dewey Decimal Classification     Juvenile Fiction Footprints International School Library Network Toul Kork Campus Footprints International School Library Network Toul Kork Campus TK Primary Library Room(4th Floor), Bookcase 1&2, Shelves 1-16, Dark Blue Books 02/24/2023 3 DUP 690 TH141 2025-0975 05/21/2025 04/23/2025 02/24/2023 Books